| 000 | 00509nam a22001697a 4500 | ||
|---|---|---|---|
| 003 | BD-DhUL | ||
| 005 | 20200316102843.0 | ||
| 008 | 180913s1963 pk ||||| |||| 00| 0 urd d | ||
| 040 |
_aBD-DhUL _cBD-DhUL |
||
| 082 |
_a891.431 _bABR |
||
| 100 | 0 | _aعبد اللطیف | |
| 245 | 1 |
_aرسالهٔ شاہ عبد اللطیف / _cعبد اللطیف |
|
| 260 |
_aپاکستان : _bسندھ یونیورسٹی، _c۱۹۶۳۔ |
||
| 300 |
_aص۔ ۵۲۸ ؛ _c۲۴ سم۔ |
||
| 650 | 4 | _aUrdu poetry | |
| 942 |
_2ddc _cBK |
||
| 999 |
_c252073 _d252073 |
||